[Event "Konakovo Rating 8th"]
[Site "Konakovo"]
[Date "2013.07.15"]
[Round "3"]
[White "Kasyanov, Vasiliy"]
[Black "Podobed, Vladimir"]
[Result "1/2-1/2"]
[WhiteElo "2106"]
[BlackElo "2064"]
[PlyCount "106"]
[EventDate "2013.07.06"]
[EventType "tourn"]
[EventRounds "11"]
[EventCountry "RUS"]
[SourceTitle "EXT 2014"]
[Source "ChessBase"]
[SourceDate "2013.11.20"]
[SourceVersion "1"]
[SourceVersionDate "2013.11.20"]
[SourceQuality "1"]

1. d4 d5 2. Bg5 f6 3. Bf4 Nc6 4. Nf3 Bf5 5. e3 e6 6. Nh4 Bg6 7. Nxg6 hxg6 8. Qg4 Kf7 9. Bd3 g5 10. Bg3 Bd6 11. c3 f5 12. Qe2 Nf6 13. Nd2 f4 14. exf4 gxf4 15. Nf3 Ne4 16. 0-0-0 fxg3 17. fxg3 Rh6 18. Bxe4 dxe4 19. Qxe4 Kg8 20. g4 g5 21. h4 Qf6 22. Rdf1 Bf4+ 23. Kd1 Qg6 24. Qxg6+ Rxg6 25. h5 Rg7 26. Re1 Kf7 27. Rhf1 Re8 28. Nxg5+ Rxg5 29. Rxf4+ Kg7 30. Ref1 Nd8 31. Kd2 e5 32. Re4 Nf7 33. Rf5 Rxf5 34. gxf5 Nd6 35. Rxe5 Rxe5 36. dxe5 Nxf5 37. g4 Ne7 38. Ke3 Kh6 39. Kf4 Nd5+ 40. Ke4 Ne7 41. e6 Kg5 42. Ke5 Nc6+ 43. Ke4 Ne7 44. b4 a6 45. a4 Kf6 46. c4 Kxe6 47. g5 Nf5 48. h6 Ne7 49. b5 Ng6 50. a5 c6 51. bxa6 bxa6 52. c5 Nh8 53. Kf4 Ng6+ 1/2-1/2

[Event "Konakovo Rating 7th"]
[Site "Konakovo"]
[Date "2012.07.22"]
[Round "10"]
[White "Podobed, Vladimir"]
[Black "Shapkin, Anatoliy"]
[Result "1/2-1/2"]
[WhiteElo "2056"]
[BlackElo "2107"]
[PlyCount "36"]
[EventDate "2012.07.18"]
[EventType "tourn"]
[EventRounds "13"]
[EventCountry "RUS"]
[SourceTitle "EXT 2014"]
[Source "ChessBase"]
[SourceDate "2013.11.20"]
[SourceVersion "1"]
[SourceVersionDate "2013.11.20"]
[SourceQuality "1"]

1. d4 Nf6 2. Nf3 d5 3. c4 e6 4. Nc3 Be7 5. Bg5 h6 6. Bh4 0-0 7. e3 b6 8. cxd5 exd5 9. Bd3 Bb7 10. 0-0 c5 11. Rc1 Nbd7 12. Re1 Ne4 13. Bxe7 Qxe7 14. dxc5 bxc5 15. Qa4 Nb6 16. Qa3 Rfc8 17. Ba6 Nd6 18. Bxb7 Nxb7 1/2-1/2

[Event "Konakovo Rating 2nd"]
[Site "Konakovo"]
[Date "2009.07.23"]
[Round "5"]
[White "Podobed, Vladimir"]
[Black "Konovalov, Roman1111"]
[Result "1/2-1/2"]
[WhiteElo "2056"]
[BlackElo "2098"]
[PlyCount "53"]
[EventDate "2009.07.19"]
[EventType "tourn"]
[EventRounds "9"]
[EventCountry "RUS"]
[SourceTitle "EXT 2022"]
[Source "ChessBase"]
[SourceDate "2021.10.06"]
[SourceVersion "1"]
[SourceVersionDate "2021.10.06"]
[SourceQuality "1"]

1. d4 Nf6 2. c4 e6 3. Nc3 Bb4 4. Qc2 d5 5. cxd5 exd5 6. Bg5 c5 7. dxc5 h6 8. Bh4 g5 9. Bg3 Ne4 10. e3 Qa5 11. Nge2 Nc6 12. 0-0-0 Bf5 13. Nxe4 Bxe4 14. Qb3 Qxc5+ 15. Nc3 0-0 16. Bd6 Qxd6 17. Nxe4 Qg6 18. Nc3 Rac8 19. Bd3 Qg7 20. Kb1 Bxc3 21. Qxc3 Qxc3 22. bxc3 Ne5 23. Be2 Rfd8 24. Kb2 Nc4+ 25. Bxc4 dxc4 26. Rxd8+ Rxd8 27. Kc2 1/2-1/2